000 00521nam a2200217Ia 4500
008 170918s9999 xx 000 0 und d
020 _a9780545288712
050 _bM482oc 2010
100 _aMeadows, Daisy
245 _aAlly the dolphin fairy /
245 _cby Daisy Meadows.
260 _aNew York :
260 _bScholastic,
260 _c2010
300 _a63 pages :
300 _billustrations ;
300 _c19cm.
300 _eRainbow Magic : The ocean fairies ;
440 _a1
500 _a760
999 _c343892
_d343892